| 000 | 00530nam a2200205Ia 4500 | ||
|---|---|---|---|
| 005 | 20250923144615.0 | ||
| 008 | 008 250917s9999 xx 000 0 eng d | ||
| 037 | _aTextual | ||
| 040 |
_aDSWL _beng _cDSWL |
||
| 041 |
_aeng _2eng |
||
| 084 | _qDSWL | ||
| 100 |
_aStark, W. _9826574 |
||
| 245 | 0 |
_aSociology of knowledge _cby W Stark. |
|
| 260 |
_aLondon _bRoutledge & Kegan Paul _c1958 |
||
| 300 | _axi,356,15p. | ||
| 365 |
_aINR _b28.80 |
||
| 925 | _g28.80 | ||
| 942 | _cTEXL | ||
| 999 |
_c1441080 _d1441080 |
||